| 000 | 00849nam a2200217Ia 4500 | ||
|---|---|---|---|
| 001 | 6983 | ||
| 003 | GE_BSU | ||
| 008 | 181216s||||||||xx |||||||||||||| ||und|| | ||
| 040 | _cGE_BSU | ||
| 080 | _a808.2+69+72 | ||
| 100 | _aАлексишвили,Н.И. | ||
| 245 | _aПособие по русскому языку для грузинских вузов по строительно-архитектурной специальности. | ||
| 245 | _bСборник текстов. | ||
| 245 | _cРед. изд.-во Э.Хеладзе. | ||
| 260 | _aТб. | ||
| 260 | _bГанатлеба. | ||
| 260 | _c1977. | ||
| 300 | _a206стр.22см. | ||
| 653 | _aПособие по русскому языку для грузинских вузов по строительно-архитектурной специальности. | ||
| 942 | _cBK | ||
| 999 |
_c40375 _d40375 |
||